[Event "DEM U10 2025"]
[Site "Willingen GER"]
[Date "2025.06.14"]
[Round "9"]
[White "Mudriievskyi, Jan"]
[Black "Sriram, Aumkar"]
[Result "1-0"]
[Termination "normal"]
[Board "7"]
[WhiteElo "1670"]
[BlackElo "1517"]
[WhiteClock "00:13:42"]
[BlackClock "00:52:10"]
[PlyCount "133"]
[WhiteFideId "34676473"]
[BlackFideId "33460477"]
[EventCountry "GER"]
[EventRounds "9"]
[EventType "swiss"]
[EventDate "2025.06.07"]

1. e4 {[%clk 01:30:49]} {[%emt 00:00:10]} c5 {[%clk 01:30:49]} {[%emt
00:00:12]} 2. Nf3 {[%clk 01:31:10]} {[%emt 00:00:08]} Nc6 {[%clk 01:31:06]}
{[%emt 00:00:13]} 3. d4 {[%clk 01:31:26]} {[%emt 00:00:14]} cxd4 {[%clk
01:31:26]} {[%emt 00:00:10]} 4. Nxd4 {[%clk 01:31:42]} {[%emt 00:00:14]} Nf6
{[%clk 01:31:30]} {[%emt 00:00:27]} 5. Nc3 {[%clk 01:31:30]} {[%emt 00:00:36]}
e5 {[%clk 01:31:40]} {[%emt 00:00:26]} 6. Ndb5 {[%clk 01:31:26]} {[%emt
00:00:34]} d6 {[%clk 01:31:51]} {[%emt 00:00:20]} 7. Bg5 {[%clk 01:31:22]}
{[%emt 00:00:33]} a6 {[%clk 01:31:45]} {[%emt 00:00:36]} 8. Na3 {[%clk
01:30:55]} {[%emt 00:00:57]} b5 {[%clk 01:31:54]} {[%emt 00:00:21]} 9. Nd5
{[%clk 01:30:46]} {[%emt 00:00:39]} Be7 {[%clk 01:31:17]} {[%emt 00:01:06]} 10.
Bxf6 {[%clk 01:29:37]} {[%emt 00:01:39]} gxf6 {[%clk 01:27:44]} {[%emt
00:04:03]} 11. c4 {[%clk 01:26:06]} {[%emt 00:04:01]} Nd4 {[%clk 01:26:03]}
{[%emt 00:02:11]} 12. cxb5 {[%clk 01:23:31]} {[%emt 00:03:06]} axb5 {[%clk
01:24:48]} {[%emt 00:01:45]} 13. Nxb5 {[%clk 01:22:12]} {[%emt 00:01:49]} Nxb5
{[%clk 01:20:12]} {[%emt 00:05:06]} 14. Bxb5+ {[%clk 01:22:03]} {[%emt
00:00:39]} Kf8 {[%clk 01:14:48]} {[%emt 00:05:54]} 15. O-O {[%clk 01:18:43]}
{[%emt 00:03:50]} Rg8 {[%clk 01:12:32]} {[%emt 00:02:46]} 16. Kh1 {[%clk
01:00:26]} {[%emt 00:18:47]} Bb7 {[%clk 01:07:05]} {[%emt 00:05:56]} 17. a4
{[%clk 00:50:12]} {[%emt 00:10:45]} Bxd5 {[%clk 01:06:45]} {[%emt 00:00:50]}
18. Qxd5 {[%clk 00:50:19]} {[%emt 00:00:24]} Ra5 {[%clk 01:06:35]} {[%emt
00:00:40]} 19. b4 {[%clk 00:49:29]} {[%emt 00:01:20]} Ra7 {[%clk 01:06:41]}
{[%emt 00:00:24]} 20. f3 {[%clk 00:44:20]} {[%emt 00:05:39]} Qb6 {[%clk
01:04:38]} {[%emt 00:02:31]} 21. a5 {[%clk 00:40:19]} {[%emt 00:04:32]} Qe3
{[%clk 01:04:11]} {[%emt 00:00:57]} 22. Bc4 {[%clk 00:35:58]} {[%emt 00:04:52]}
Bd8 {[%clk 01:03:33]} {[%emt 00:01:07]} 23. Qxd6+ {[%clk 00:35:43]} {[%emt
00:00:45]} Kg7 {[%clk 01:03:43]} {[%emt 00:00:20]} 24. Qd3 {[%clk 00:23:25]}
{[%emt 00:12:48]} Qg5 {[%clk 01:03:32]} {[%emt 00:00:41]} 25. Qe2 {[%clk
00:22:28]} {[%emt 00:01:27]} Kh8 {[%clk 01:03:24]} {[%emt 00:00:38]} 26. g3
{[%clk 00:21:20]} {[%emt 00:01:39]} Qh6 {[%clk 01:02:50]} {[%emt 00:01:04]} 27.
Qf2 {[%clk 00:21:18]} {[%emt 00:00:31]} Rd7 {[%clk 01:02:55]} {[%emt 00:00:25]}
28. Bd5 {[%clk 00:20:56]} {[%emt 00:00:53]} f5 {[%clk 01:02:38]} {[%emt
00:00:47]} 29. b5 {[%clk 00:20:10]} {[%emt 00:01:15]} Bg5 {[%clk 01:02:18]}
{[%emt 00:00:50]} 30. Ra3 {[%clk 00:14:46]} {[%emt 00:05:54]} Be7 {[%clk
01:00:49]} {[%emt 00:01:59]} 31. Rc3 {[%clk 00:12:21]} {[%emt 00:02:55]} Bb4
{[%clk 00:59:57]} {[%emt 00:01:22]} 32. Rc6 {[%clk 00:12:41]} {[%emt 00:00:10]}
Qh3 {[%clk 00:59:57]} {[%emt 00:00:29]} 33. a6 {[%clk 00:11:51]} {[%emt
00:01:21]} Rxg3 {[%clk 00:57:38]} {[%emt 00:02:49]} 34. Rc8+ {[%clk 00:12:04]}
{[%emt 00:00:17]} Rg8 {[%clk 00:57:50]} {[%emt 00:00:18]} 35. Rxg8+ {[%clk
00:12:14]} {[%emt 00:00:20]} Kxg8 {[%clk 00:58:16]} {[%emt 00:00:04]} 36. Qg3+
{[%clk 00:12:29]} {[%emt 00:00:15]} Qxg3 {[%clk 00:58:37]} {[%emt 00:00:09]}
37. hxg3 {[%clk 00:12:53]} {[%emt 00:00:07]} Bc5 {[%clk 00:58:50]} {[%emt
00:00:17]} 38. Bc6 {[%clk 00:12:43]} {[%emt 00:00:39]} Rc7 {[%clk 00:58:39]}
{[%emt 00:00:41]} 39. exf5 {[%clk 00:12:53]} {[%emt 00:00:19]} Kg7 {[%clk
00:58:57]} {[%emt 00:00:11]} 40. Bb7 {[%clk 00:12:26]} {[%emt 00:00:58]} Bb6
{[%clk 00:58:48]} {[%emt 00:00:39]} 41. Rd1 {[%clk 00:11:42]} {[%emt 00:01:13]}
Ba7 {[%clk 00:53:55]} {[%emt 00:05:23]} 42. Bc6 {[%clk 00:10:42]} {[%emt
00:01:30]} Kf6 {[%clk 00:52:01]} {[%emt 00:02:24]} 43. Rd8 {[%clk 00:08:59]}
{[%emt 00:02:13]} Kxf5 {[%clk 00:49:34]} {[%emt 00:02:57]} 44. Ra8 {[%clk
00:07:54]} {[%emt 00:01:35]} Kf6 {[%clk 00:47:42]} {[%emt 00:02:22]} 45. Rxa7
{[%clk 00:07:45]} {[%emt 00:00:40]} Rxa7 {[%clk 00:47:39]} {[%emt 00:00:33]}
46. Bb7 {[%clk 00:08:08]} {[%emt 00:00:07]} Ke7 {[%clk 00:47:55]} {[%emt
00:00:13]} 47. b6 {[%clk 00:08:33]} {[%emt 00:00:06]} Rxa6 {[%clk 00:48:21]}
{[%emt 00:00:04]} 48. Bxa6 {[%clk 00:08:56]} {[%emt 00:00:07]} Kd7 {[%clk
00:48:43]} {[%emt 00:00:07]} 49. Kg2 {[%clk 00:09:01]} {[%emt 00:00:25]} Kc6
{[%clk 00:49:02]} {[%emt 00:00:11]} 50. b7 {[%clk 00:09:26]} {[%emt 00:00:05]}
Kc7 {[%clk 00:49:29]} {[%emt 00:00:04]} 51. Kf2 {[%clk 00:09:51]} {[%emt
00:00:05]} f5 {[%clk 00:49:26]} {[%emt 00:00:33]} 52. g4 {[%clk 00:09:29]}
{[%emt 00:00:52]} fxg4 {[%clk 00:49:07]} {[%emt 00:00:48]} 53. fxg4 {[%clk
00:09:53]} {[%emt 00:00:07]} h6 {[%clk 00:49:31]} {[%emt 00:00:06]} 54. Ke3
{[%clk 00:10:19]} {[%emt 00:00:03]} Kb8 {[%clk 00:49:29]} {[%emt 00:00:33]} 55.
Ke4 {[%clk 00:10:37]} {[%emt 00:00:12]} Kc7 {[%clk 00:49:49]} {[%emt 00:00:10]}
56. Kxe5 {[%clk 00:10:55]} {[%emt 00:00:12]} Kb8 {[%clk 00:49:34]} {[%emt
00:00:45]} 57. Kf6 {[%clk 00:11:02]} {[%emt 00:00:23]} Ka7 {[%clk 00:49:45]}
{[%emt 00:00:18]} 58. Kg6 {[%clk 00:11:10]} {[%emt 00:00:23]} Kb8 {[%clk
00:50:10]} {[%emt 00:00:05]} 59. Kxh6 {[%clk 00:11:32]} {[%emt 00:00:08]} Kc7
{[%clk 00:50:26]} {[%emt 00:00:14]} 60. g5 {[%clk 00:11:23]} {[%emt 00:00:39]}
Kb8 {[%clk 00:50:51]} {[%emt 00:00:05]} 61. g6 {[%clk 00:11:40]} {[%emt
00:00:12]} Kc7 {[%clk 00:51:17]} {[%emt 00:00:04]} 62. g7 {[%clk 00:12:03]}
{[%emt 00:00:07]} Kb6 {[%emt 00:00:17]} 63. b8=Q+ {[%clk 00:12:21]} {[%emt
00:00:02]} Kc5 {[%clk 00:51:32]} {[%emt 00:00:38]} 64. g8=Q {[%clk 00:12:40]}
{[%emt 00:00:10]} Kd4 {[%clk 00:51:53]} {[%emt 00:00:09]} 65. Qc4+ {[%clk
00:12:58]} {[%emt 00:00:12]} Ke3 {[%clk 00:52:00]} {[%emt 00:00:24]} 66. Qe2+
{[%clk 00:13:19]} {[%emt 00:00:09]} Kd4 {[%clk 00:52:10]} {[%emt 00:00:20]} 67.
Qbe5# {[%clk 00:13:42]} {[%emt 00:00:07]} 1-0

[Event "DEM U10 2025"]
[Site "Willingen GER"]
[Date "2025.06.14"]
[Round "9"]
[White "Stopp, Bruno"]
[Black "Gwardak, Jakob"]
[Result "1/2-1/2"]
[Termination "normal"]
[Board "8"]
[WhiteElo "1519"]
[BlackElo "1736"]
[WhiteClock "00:19:45"]
[BlackClock "00:52:57"]
[PlyCount "165"]
[WhiteFideId "34640347"]
[BlackFideId "34670556"]
[EventCountry "GER"]
[EventRounds "9"]
[EventType "swiss"]
[EventDate "2025.06.07"]

1. e4 {[%clk 01:30:57]} {[%emt 00:00:02]} c5 {[%clk 01:30:54]} {[%emt
00:00:06]} 2. Nf3 {[%clk 01:31:19]} {[%emt 00:00:08]} e6 {[%clk 01:31:16]}
{[%emt 00:00:08]} 3. g3 {[%clk 01:31:44]} {[%emt 00:00:06]} d5 {[%clk
01:28:31]} {[%emt 00:03:14]} 4. Nc3 {[%clk 01:26:37]} {[%emt 00:05:37]} d4
{[%clk 01:24:58]} {[%emt 00:04:04]} 5. Ne2 {[%clk 01:25:44]} {[%emt 00:01:23]}
Nc6 {[%clk 01:22:42]} {[%emt 00:02:45]} 6. d3 {[%clk 01:23:19]} {[%emt
00:02:55]} e5 {[%clk 01:22:26]} {[%emt 00:00:46]} 7. Bg2 {[%clk 01:22:55]}
{[%emt 00:00:53]} Bd6 {[%clk 01:20:24]} {[%emt 00:02:31]} 8. O-O {[%clk
01:23:09]} {[%emt 00:00:18]} Nge7 {[%clk 01:18:27]} {[%emt 00:02:26]} 9. Nd2
{[%clk 01:21:08]} {[%emt 00:02:31]} Rb8 {[%clk 01:09:24]} {[%emt 00:09:34]} 10.
Nc4 {[%clk 01:19:40]} {[%emt 00:01:58]} Bc7 {[%clk 01:07:54]} {[%emt 00:01:59]}
11. f4 {[%clk 01:19:43]} {[%emt 00:00:28]} b5 {[%clk 01:02:45]} {[%emt
00:05:38]} 12. Nxe5 {[%clk 01:19:05]} {[%emt 00:01:08]} Nxe5 {[%clk 01:03:04]}
{[%emt 00:00:12]} 13. fxe5 {[%clk 01:19:30]} {[%emt 00:00:05]} Bxe5 {[%clk
01:03:25]} {[%emt 00:00:09]} 14. Bf4 {[%clk 01:19:32]} {[%emt 00:00:28]} Qc7
{[%clk 00:56:40]} {[%emt 00:07:14]} 15. c3 {[%clk 01:15:49]} {[%emt 00:04:12]}
Nc6 {[%clk 00:51:02]} {[%emt 00:06:09]} 16. cxd4 {[%clk 01:04:44]} {[%emt
00:11:35]} Nxd4 {[%clk 00:50:13]} {[%emt 00:01:18]} 17. Nxd4 {[%clk 01:05:06]}
{[%emt 00:00:10]} Bxd4+ {[%clk 00:50:28]} {[%emt 00:00:15]} 18. Kh1 {[%clk
01:05:27]} {[%emt 00:00:08]} Be5 {[%clk 00:50:01]} {[%emt 00:00:57]} 19. Rc1
{[%clk 01:04:31]} {[%emt 00:01:25]} Qd6 {[%clk 00:43:00]} {[%emt 00:07:33]} 20.
Qc2 {[%clk 01:03:01]} {[%emt 00:02:00]} O-O {[%clk 00:40:31]} {[%emt 00:02:58]}
21. Qxc5 {[%clk 00:57:28]} {[%emt 00:06:03]} Bxf4 {[%clk 00:40:27]} {[%emt
00:00:35]} 22. gxf4 {[%clk 00:56:36]} {[%emt 00:01:22]} Qxd3 {[%clk 00:39:31]}
{[%emt 00:01:26]} 23. Rg1 {[%clk 00:40:38]} {[%emt 00:16:28]} Bh3 {[%clk
00:35:52]} {[%emt 00:04:08]} 24. Bxh3 {[%clk 00:37:34]} {[%emt 00:03:36]} Qxh3
{[%clk 00:36:17]} {[%emt 00:00:06]} 25. Qg5 {[%clk 00:37:54]} {[%emt 00:00:10]}
Qf3+ {[%clk 00:35:53]} {[%emt 00:00:54]} 26. Rg2 {[%clk 00:37:43]} {[%emt
00:00:41]} g6 {[%clk 00:36:02]} {[%emt 00:00:21]} 27. f5 {[%clk 00:36:14]}
{[%emt 00:01:59]} Rfd8 {[%clk 00:32:48]} {[%emt 00:03:43]} 28. h4 {[%clk
00:26:50]} {[%emt 00:09:55]} Rd1+ {[%clk 00:22:28]} {[%emt 00:10:49]} 29. Rxd1
{[%clk 00:25:47]} {[%emt 00:01:33]} Qxd1+ {[%clk 00:22:52]} {[%emt 00:00:06]}
30. Kh2 {[%clk 00:25:39]} {[%emt 00:00:38]} Qd6+ {[%clk 00:23:13]} {[%emt
00:00:08]} 31. Rg3 {[%clk 00:25:15]} {[%emt 00:00:55]} Rd8 {[%clk 00:21:42]}
{[%emt 00:02:00]} 32. Kh3 {[%clk 00:21:07]} {[%emt 00:04:38]} Qd7 {[%clk
00:21:37]} {[%emt 00:00:36]} 33. h5 {[%clk 00:21:13]} {[%emt 00:00:23]} Re8
{[%clk 00:21:41]} {[%emt 00:00:26]} 34. Qe3 {[%clk 00:08:48]} {[%emt 00:12:55]}
a5 {[%clk 00:20:59]} {[%emt 00:01:11]} 35. Kh2 {[%clk 00:07:41]} {[%emt
00:01:38]} Kg7 {[%clk 00:19:07]} {[%emt 00:02:24]} 36. Qc3+ {[%clk 00:04:56]}
{[%emt 00:03:14]} f6 {[%clk 00:19:12]} {[%emt 00:00:24]} 37. hxg6 {[%clk
00:05:07]} {[%emt 00:00:19]} h6 {[%clk 00:19:37]} {[%emt 00:00:05]} 38. Rd3
{[%clk 00:04:20]} {[%emt 00:01:16]} Qb7 {[%clk 00:19:31]} {[%emt 00:00:36]} 39.
Rd6 {[%clk 00:03:58]} {[%emt 00:00:53]} Qe7 {[%clk 00:19:33]} {[%emt 00:00:27]}
40. Qd4 {[%clk 00:03:27]} {[%emt 00:01:01]} Qe5+ {[%clk 00:19:08]} {[%emt
00:00:55]} 41. Qxe5 {[%clk 00:02:49]} {[%emt 00:01:07]} Rxe5 {[%clk 00:19:12]}
{[%emt 00:00:26]} 42. Rd5 {[%clk 00:01:43]} {[%emt 00:01:37]} Rxe4 {[%clk
00:18:37]} {[%emt 00:01:04]} 43. Rxb5 {[%clk 00:02:06]} {[%emt 00:00:07]} Re5
{[%clk 00:17:12]} {[%emt 00:01:55]} 44. Rxe5 {[%clk 00:01:28]} {[%emt
00:01:08]} fxe5 {[%clk 00:17:32]} {[%emt 00:00:10]} 45. a3 {[%clk 00:01:52]}
{[%emt 00:00:06]} e4 {[%clk 00:17:34]} {[%emt 00:00:28]} 46. b4 {[%clk
00:02:08]} {[%emt 00:00:15]} axb4 {[%clk 00:17:38]} {[%emt 00:00:26]} 47. axb4
{[%clk 00:02:31]} {[%emt 00:00:06]} h5 {[%clk 00:18:02]} {[%emt 00:00:06]} 48.
b5 {[%clk 00:02:57]} {[%emt 00:00:04]} e3 {[%clk 00:18:21]} {[%emt 00:00:11]}
49. Kg2 {[%clk 00:01:22]} {[%emt 00:02:04]} h4 {[%clk 00:18:41]} {[%emt
00:00:11]} 50. b6 {[%clk 00:29:24]} {[%emt 00:02:28]} h3+ {[%clk 00:49:05]}
{[%emt 00:00:06]} 51. Kxh3 {[%clk 00:29:44]} {[%emt 00:00:10]} e2 {[%clk
00:49:32]} {[%emt 00:00:04]} 52. b7 {[%clk 00:30:07]} {[%emt 00:00:07]} e1=Q
{[%clk 00:49:51]} {[%emt 00:00:10]} 53. b8=Q {[%clk 00:30:28]} {[%emt
00:00:09]} Qh1+ {[%clk 00:50:03]} {[%emt 00:00:17]} 54. Kg4 {[%clk 00:30:37]}
{[%emt 00:00:21]} Qe4+ {[%clk 00:50:27]} {[%emt 00:00:07]} 55. Qf4 {[%clk
00:30:58]} {[%emt 00:00:09]} Qg2+ {[%clk 00:50:52]} {[%emt 00:00:05]} 56. Kh4
{[%clk 00:25:54]} {[%emt 00:05:32]} Qh1+ {[%clk 00:47:51]} {[%emt 00:03:33]}
57. Kg3 {[%clk 00:26:15]} {[%emt 00:00:08]} Qg1+ {[%clk 00:48:13]} {[%emt
00:00:10]} 58. Kf3 {[%clk 00:26:39]} {[%emt 00:00:05]} Qf1+ {[%clk 00:48:37]}
{[%emt 00:00:06]} 59. Ke4 {[%clk 00:27:01]} {[%emt 00:00:08]} Qc4+ {[%clk
00:48:46]} {[%emt 00:00:21]} 60. Kf3 {[%clk 00:25:10]} {[%emt 00:02:18]} Qf1+
{[%clk 00:49:11]} {[%emt 00:00:08]} 61. Kg4 {[%clk 00:22:50]} {[%emt 00:03:30]}
Qg2+ {[%clk 00:49:14]} {[%emt 00:00:27]} 62. Qg3 {[%clk 00:20:32]} {[%emt
00:02:49]} Qe4+ {[%emt 00:00:30]} 63. Kg5 {[%clk 00:20:25]} {[%emt 00:00:13]}
Qe7+ {[%clk 00:49:51]} {[%emt 00:00:17]} 64. Kf4 {[%clk 00:17:53]} {[%emt
00:03:00]} Qb4+ {[%clk 00:49:37]} {[%emt 00:00:45]} 65. Kf3 {[%clk 00:17:26]}
{[%emt 00:00:52]} Qc3+ {[%clk 00:49:51]} {[%emt 00:00:21]} 66. Kg2 {[%clk
00:17:31]} {[%emt 00:00:24]} Qc2+ {[%clk 00:50:08]} {[%emt 00:00:14]} 67. Qf2
{[%clk 00:17:51]} {[%emt 00:00:09]} Qe4+ {[%clk 00:50:21]} {[%emt 00:00:17]}
68. Qf3 {[%clk 00:17:23]} {[%emt 00:00:59]} Qc2+ {[%clk 00:49:52]} {[%emt
00:00:59]} 69. Kh3 {[%clk 00:17:41]} {[%emt 00:00:12]} Kf6 {[%clk 00:49:35]}
{[%emt 00:00:48]} 70. g7 {[%clk 00:17:32]} {[%emt 00:00:37]} Kxg7 {[%clk
00:49:47]} {[%emt 00:00:20]} 71. Qg4+ {[%clk 00:17:31]} {[%emt 00:00:30]} Kf6
{[%clk 00:49:56]} {[%emt 00:00:22]} 72. Qg6+ {[%clk 00:17:54]} {[%emt
00:00:06]} Ke5 {[%clk 00:50:13]} {[%emt 00:00:13]} 73. Qe6+ {[%clk 00:18:17]}
{[%emt 00:00:07]} Kf4 {[%clk 00:50:10]} {[%emt 00:00:33]} 74. Qh6+ {[%clk
00:18:32]} {[%emt 00:00:15]} Ke5 {[%clk 00:50:24]} {[%emt 00:00:16]} 75. f6
{[%clk 00:18:25]} {[%emt 00:00:37]} Qf5+ {[%clk 00:50:33]} {[%emt 00:00:22]}
76. Kg3 {[%clk 00:18:26]} {[%emt 00:00:12]} Qxf6 {[%clk 00:50:46]} {[%emt
00:00:30]} 77. Qe3+ {[%clk 00:18:50]} {[%emt 00:00:09]} Kd5 {[%clk 00:50:54]}
{[%emt 00:00:22]} 78. Qd2+ {[%clk 00:19:05]} {[%emt 00:00:11]} Qd4 {[%clk
00:51:20]} {[%emt 00:00:09]} 79. Qa5+ {[%clk 00:19:24]} {[%emt 00:00:10]} Qc5
{[%clk 00:51:43]} {[%emt 00:00:08]} 80. Qa2+ {[%clk 00:19:34]} {[%emt
00:00:19]} Qc4 {[%clk 00:52:09]} {[%emt 00:00:05]} 81. Qa8+ {[%clk 00:19:22]}
{[%emt 00:00:26]} Qc6 {[%clk 00:52:35]} {[%emt 00:00:19]} 82. Qg8+ {[%clk
00:19:44]} {[%emt 00:00:08]} Qe6 {[%clk 00:52:57]} {[%emt 00:00:08]} 83. Qg5+
{[%clk 00:19:45]} {[%emt 00:00:29]} 1/2-1/2

[Event "DEM U10 2025"]
[Site "Willingen GER"]
[Date "2025.06.14"]
[Round "9"]
[White "Reese, Oscar"]
[Black "Stojanoski, Stefan"]
[Result "1-0"]
[Termination "normal"]
[Board "9"]
[WhiteElo "1666"]
[BlackElo "1670"]
[WhiteClock "01:25:40"]
[BlackClock "00:00:57"]
[PlyCount "85"]
[WhiteFideId "34644474"]
[BlackFideId "34632948"]
[EventCountry "GER"]
[EventRounds "9"]
[EventType "swiss"]
[EventDate "2025.06.07"]

1. e4 {[%clk 01:30:58]} {[%emt 00:00:02]} e5 {[%clk 01:30:55]} {[%emt
00:00:05]} 2. Nf3 {[%clk 01:31:25]} {[%emt 00:00:03]} Nc6 {[%clk 01:31:21]} 3.
d4 {[%clk 01:31:49]} {[%emt 00:00:10]} exd4 {[%clk 01:31:47]} 4. Nxd4 {[%clk
01:32:39]} {[%emt 00:00:11]} Qf6 {[%clk 01:32:09]} 5. Nb3 {[%clk 01:32:39]}
{[%emt 00:00:10]} Bd6 {[%clk 01:24:27]} 6. Nc3 {[%clk 01:32:36]} {[%emt
00:08:46]} Nge7 {[%clk 01:23:18]} 7. Be3 {[%clk 01:32:53]} {[%emt 00:01:52]}
Be5 {[%clk 01:06:46]} 8. Qd2 {[%clk 01:32:03]} {[%emt 00:18:22]} Bxc3 {[%clk
00:59:12]} 9. bxc3 {[%clk 01:32:22]} {[%emt 00:08:14]} Qe5 {[%clk 00:50:37]}
10. Bd3 {[%clk 01:32:35]} {[%emt 00:09:23]} d6 {[%clk 00:41:00]} 11. Bd4 {[%clk
01:32:55]} {[%emt 00:10:17]} Nxd4 {[%clk 00:41:05]} {[%emt 00:00:25]} 12. cxd4
{[%clk 01:33:20]} {[%emt 00:00:05]} Qf6 {[%clk 00:32:26]} {[%emt 00:09:06]} 13.
O-O-O {[%clk 01:32:30]} {[%emt 00:01:23]} O-O {[%clk 00:28:02]} {[%emt
00:04:54]} 14. f3 {[%clk 01:32:24]} {[%emt 00:00:36]} a5 {[%clk 00:23:37]}
{[%emt 00:04:55]} 15. c3 {[%clk 01:32:26]} {[%emt 00:00:28]} a4 {[%clk
00:23:05]} {[%emt 00:01:02]} 16. Na1 {[%clk 01:32:50]} {[%emt 00:00:05]} d5
{[%clk 00:20:35]} {[%emt 00:03:00]} 17. e5 {[%clk 01:32:37]} {[%emt 00:00:43]}
Qc6 {[%clk 00:19:17]} 18. g4 {[%clk 01:32:35]} {[%emt 00:02:20]} b5 {[%clk
00:18:46]} 19. Qb2 {[%clk 01:33:00]} {[%emt 00:01:05]} Rb8 {[%clk 00:18:37]}
20. Nc2 {[%clk 01:33:23]} {[%emt 00:00:46]} Bd7 {[%clk 00:17:47]} 21. a3 {[%clk
01:33:19]} {[%emt 00:01:56]} Qh6+ {[%clk 00:17:39]} {[%emt 00:00:37]} 22. Kb1
{[%clk 01:33:30]} {[%emt 00:00:19]} Qf4 {[%clk 00:16:58]} {[%emt 00:01:09]} 23.
Rdf1 {[%clk 01:33:30]} {[%emt 00:00:32]} Qd2 {[%clk 00:16:47]} {[%emt
00:00:37]} 24. Rd1 {[%clk 01:33:13]} {[%emt 00:00:50]} Qf4 {[%clk 00:17:04]}
{[%emt 00:00:13]} 25. Rhf1 {[%clk 01:33:30]} {[%emt 00:00:13]} g6 {[%clk
00:16:21]} {[%emt 00:01:14]} 26. Ne1 {[%clk 01:32:31]} {[%emt 00:01:29]} f5
{[%clk 00:12:17]} {[%emt 00:04:34]} 27. h3 {[%clk 01:31:49]} {[%emt 00:01:11]}
fxg4 {[%clk 00:11:26]} {[%emt 00:01:20]} 28. hxg4 {[%clk 01:31:36]} {[%emt
00:00:44]} Qf7 {[%clk 00:10:27]} {[%emt 00:01:29]} 29. Qe2 {[%clk 01:30:40]}
{[%emt 00:01:27]} Nc6 {[%clk 00:08:43]} 30. Nc2 {[%clk 01:30:30]} {[%emt
00:02:53]} Qe7 {[%clk 00:08:14]} 31. f4 {[%clk 01:30:37]} {[%emt 00:01:23]} Na5
{[%clk 00:05:39]} {[%emt 00:03:04]} 32. f5 {[%clk 01:30:34]} {[%emt 00:00:34]}
Nc4 {[%clk 00:04:47]} {[%emt 00:01:22]} 33. Ka2 {[%clk 01:30:36]} {[%emt
00:00:29]} Qg7 {[%clk 00:04:22]} {[%emt 00:00:53]} 34. Nb4 {[%clk 01:28:17]}
{[%emt 00:02:50]} c6 {[%clk 00:04:07]} 35. e6 {[%clk 01:26:13]} {[%emt
00:03:19]} Be8 {[%clk 00:03:58]} 36. e7 {[%clk 01:24:49]} {[%emt 00:02:33]} Rf7
{[%clk 00:03:33]} 37. Qe6 {[%clk 01:24:51]} {[%emt 00:01:23]} Qf6 {[%clk
00:03:43]} 38. Qxf6 {[%clk 01:25:06]} {[%emt 00:00:35]} Rxf6 {[%clk 00:04:01]}
39. fxg6 {[%clk 01:25:30]} {[%emt 00:00:18]} Rxf1 {[%clk 00:02:58]} 40. gxh7+
{[%clk 01:25:53]} {[%emt 00:01:40]} Kg7 {[%clk 00:02:53]} 41. Rxf1 {[%clk
01:26:17]} {[%emt 00:00:40]} Nd6 {[%clk 00:01:28]} 42. Rf8 {[%clk 01:26:09]}
{[%emt 00:02:35]} Nf7 {[%clk 00:00:57]} 43. g5 {[%clk 01:25:40]} {[%emt
00:02:00]} 1-0